banner-ar

الكعبة المشرفة دراسة اثرية لمجموعة اقفالها ومفاتيحها المحفوظة فى متحف طوبى قابى باستانبول / (Record no. 30314)

MARC details
000 -الفاتح
حقل البيانات ثابتة الطول 01060nam a2200253Ia 4500
008 - عناصر البيانات ثابتة الطول - معلومات عامة
حقل البيانات ثابتة الطول 140319s9999 xx 000 0 ara d
040 ## - مصدر الفهرسة
وكالة الفهرسة الأصلية GCL /
وكالة النسخ GCL
082 04 - رقم تصنيف ديوى العشرى
رقم التصنيف 709.1
رقم المادة ط ك
100 1# - المدخل الرئيسى - إسم شخصى
الإسم الشخصى اكمل الدين احسان اوغلى
245 10 - بيان العنوان
العنوان الكعبة المشرفة دراسة اثرية لمجموعة اقفالها ومفاتيحها المحفوظة فى متحف طوبى قابى باستانبول /
بيان المسئوليه,etc اكمل الدين احسان اوغلى
700 1# - المدخل الاضافى - اسم شخصى
الإسم الشخصى تحسين عمر طه أوغلى
700 1# - المدخل الاضافى - اسم شخصى
الإسم الشخصى طرجاز يلماز
700 1# - المدخل الاضافى - اسم شخصى
الإسم الشخصى احمد محمد يحيى
260 ## - PUBLICATION, DISTRIBUTION, ETC. (IMPRINT)
تاريخ النشر أو التوزيع 1993
490 ## - بيان السلسلة
عنوان السلسلة سلسلة الفنون الاسلامية والحرف اليدوى
رقم المجلد/ التعيين التسلسلي 0
650 04 - المدخل الاضافى بالموضوع-مصطلح موضوعى
مصطلح موضوعي الكعبة
650 04 - المدخل الاضافى بالموضوع-مصطلح موضوعى
مصطلح موضوعي الاثار الاسلامية
650 04 - المدخل الاضافى بالموضوع-مصطلح موضوعى
مصطلح موضوعي الحضارة الاسلامية
650 04 - المدخل الاضافى بالموضوع-مصطلح موضوعى
مصطلح موضوعي الزخرفة
650 04 - المدخل الاضافى بالموضوع-مصطلح موضوعى
مصطلح موضوعي الفنون والحرف
650 04 - المدخل الاضافى بالموضوع-مصطلح موضوعى
مصطلح موضوعي الفن الاسلامى
942 ## - عناصر المدخل الإضافي( كوها)
مصدر التصنيف او مخطط الترفيف Dewey Decimal Classification
Koha [default] item type كتاب
260 ## - PUBLICATION, DISTRIBUTION, ETC. (IMPRINT)
-- [S.N] :
-- مركز الابحاث للتاريخ والفنون والثقافة ،
Holdings
حالة التراجع حالة الفقد حالة تلف ليس للاعارة المكان المؤقت الموقع الحالى تاريخ الاكتساب اجمالي اﻻعارات رقم الطلب الباركود تاريخ اخر مشاهدة تاريخ تفعيل السعر نوع وعاء كوها
        مكتبة القاهرة الكبرى مكتبة القاهرة الكبرى 03/26/2014   709.1\ط ك 70575 03/26/2014 03/26/2014 كتاب

Powered By

EGPV